000 00533nam a2200169Ia 4500
003 OSt
005 20200818123554.0
008 190216s9999||||xx |||||||||||||| ||und||
040 _coclc
082 _a540
_bDEV/S
100 _aDevadasan, K K
_94187
245 0 _aSubsidiary Chemistry (Second Year Bsc) /
_cK K Devadasan ; T M Gokulachandran ; Joby Thomas K
260 _bManjusha Publications,
_c2001.
_aCalicut:
300 _a318p
650 _aChemistry-Chemistry
942 _cBK
_2ddc
_h540
_iDEV/S
_k540
_mDEV/S
999 _c2948
_d2948